Scary stuff (Record no. 74308)
[ view plain ]
| 000 -LEADER | |
|---|---|
| fixed length control field | 01021cab a2200229 4500 |
| 001 - CONTROL NUMBER | |
| control field | ABS67583 |
| 008 - FIXED-LENGTH DATA ELEMENTS--GENERAL INFORMATION | |
| fixed length control field | 040326n2004 000 0 eng u |
| 035 ## - SYSTEM CONTROL NUMBER | |
| System control number | (Sirsi) u125610 |
| 100 ## - MAIN ENTRY--PERSONAL NAME | |
| Personal name | Hodgkinson, P. |
| 245 ## - TITLE STATEMENT | |
| Title | Scary stuff |
| 260 ## - PUBLICATION, DISTRIBUTION, ETC. | |
| Date of publication, distribution, etc. | 2004 |
| 490 ## - SERIES STATEMENT | |
| Series statement | Building |
| Volume/sequential designation | 269(8322) 5 March 2004, 33(1) |
| 520 ## - SUMMARY, ETC. | |
| Summary, etc. | Draws attention to the Competition Act 1999 and the Enterprise Act 2002 and their effects on how clients are treated by suppliers. Mentions that this law specifies customs and practices that may constitute a breach of the law. These may extend well down the supply chain including the swapping of information between suppliers which could be deemed as being anti-competitive. The law may present a direct legislative challenge to the practices of Latham and Egan. |
| 590 ## - LOCAL NOTE (RLIN) | |
| Local note | ABS |
| 650 ## - SUBJECT ADDED ENTRY--TOPICAL TERM | |
| Topical term or geographic name entry element | COMPETITION ACT 1999 |
| 650 ## - SUBJECT ADDED ENTRY--TOPICAL TERM | |
| Topical term or geographic name entry element | ENTERPRISE ACT 2002 |
| 650 ## - SUBJECT ADDED ENTRY--TOPICAL TERM | |
| Topical term or geographic name entry element | PARTNERING |
| 650 ## - SUBJECT ADDED ENTRY--TOPICAL TERM | |
| Topical term or geographic name entry element | LATHAM REFORMS |
| 650 ## - SUBJECT ADDED ENTRY--TOPICAL TERM | |
| Topical term or geographic name entry element | EGAN REFORMS |
| 690 ## - LOCAL SUBJECT ADDED ENTRY--TOPICAL TERM (OCLC, RLIN) | |
| Topical term or geographic name as entry element | BUILDING AND CONSTRUCTION-LAW |
| 942 ## - ADDED ENTRY ELEMENTS (KOHA) | |
| Suppress in OPAC | 0 |
| Withdrawn status | Lost status | Source of classification or shelving scheme | Damaged status | Not for loan | Home library | Current library | Shelving location | Date acquired | Total Checkouts | Full call number | Barcode | Date last seen | Copy number | Price effective from | Koha item type |
|---|---|---|---|---|---|---|---|---|---|---|---|---|---|---|---|
| Dewey Decimal Classification | London | London | Journal article | 26/03/2004 | ABS67583 | 125610-1001 | 06/08/2019 | 1 | 06/08/2019 | Journal article |